| Tag |
First Indicator |
Second Indicator |
Subfields |
| LEADER |
00000cam a2200000 a 4500 |
| 001 |
in00000393921 |
| 005 |
20151011115025.0 |
| 008 |
850628s1983 enka b 00110 eng |
| 010 |
|
|
|a 84101349
|
| 020 |
|
|
|a 0563165618 :
|c 9.95
|
| 035 |
|
|
|a (OCoLC)10853968
|
| 035 |
|
|
|9 ABS1083AM
|
| 039 |
0 |
|
|a 2
|b 3
|c 3
|d 3
|e 3
|
| 040 |
|
|
|a DLC
|c DLC
|d TXA
|d UtOrBLW
|
| 043 |
|
|
|a n-us---
|
| 049 |
|
|
|a TXAM
|c [A08665209]
|
| 050 |
0 |
0 |
|a QK115
|b .B45 1983
|
| 082 |
0 |
|
|a 574.5/0973
|2 19
|
| 100 |
1 |
|
|a Bellamy, David J.
|
| 240 |
1 |
0 |
|a New world
|
| 245 |
1 |
0 |
|a Bellamy's New world :
|b a botanical history of America /
|c David Bellamy.
|
| 264 |
|
1 |
|a London :
|b British Broadcasting Corp.,
|c 1983.
|
| 300 |
|
|
|a 192 pages :
|b illustrations (some color) ;
|c 25 cm.
|
| 336 |
|
|
|a text
|b txt
|2 rdacontent
|
| 337 |
|
|
|a unmediated
|b n
|2 rdamedia
|
| 338 |
|
|
|a volume
|b nc
|2 rdacarrier
|
| 500 |
|
|
|a Includes index.
|
| 504 |
|
|
|a Bibliography: pages 185-186.
|
| 650 |
|
0 |
|a Plant ecology
|z United States.
|
| 650 |
|
0 |
|a Phytogeography
|z United States.
|
| 650 |
|
0 |
|a Natural history
|z United States.
|
| 650 |
|
0 |
|a Ethnobotany
|z United States.
|
| 650 |
|
0 |
|a Agriculture
|z United States
|x History.
|
| 740 |
0 |
|
|a New world.
|
| 999 |
|
|
|a MARS
|
| 999 |
f |
f |
|s e3babeee-1142-3526-a1a8-edf8aa08baa8
|i b48ee459-41bb-39b9-b424-7778458a7825
|t 0
|
| 952 |
f |
f |
|p ric
|a Texas A&M University
|b Rellis Campus
|c Joint Library Facility
|d Remote Storage
|t 0
|e QK115 .B45 1983
|h Library of Congress classification
|i unmediated -- volume
|m A14808665209
|
| 998 |
f |
f |
|a QK115 .B45 1983
|t 0
|l Remote Storage
|